000 00537nam a22001932 4500
001 0000005005
005 20170406120258.0
008 141201s xx 000 0 eng d
020 _c$
040 _aYour Holding Symbol
_cYour Holding Symbol
100 1 _aJackson,Richard A.
245 1 0 _aMechanism :
_ban introduction to study of organic reactions.
250 _a ed.
260 _aOxford :
_bClarendon press,
_c1972.
300 _a136 p. ;
_c cm.
504 _aindex.
650 0 _achemistry.
908 _a141201
999 _c4812
_d4812